Sports Quiz

Random Sports or World Cup Quiz

Players to have appeared in multiple World Cups Quiz Stats

 Plays Quiz not verified by Sporcle

Score 0/23 Timer 05:00
0 Plays Today
Nation Player % Correct
Argentina 2006-18Lionel Messi
84%
Australia 2006-18Tim Cahill
81.4%
Spain 2006-18Andres Iniesta
80.5%
Italy 2002-14Gianluigi Buffon
78.5%
Spain 2002-14Xavi
76.7%
Mexico 2002-18Rafael Marquez
73.4%
Brazil 1958-70Pele
73.1%
Germany 2002-14Miroslav Klose
68%
Spain 2006-18Sergio Ramos
63.3%
Argentina 1982-94Diego Maradona
61.2%
France 1998-10Thierry Henry
61.1%
Argentina 2006-18Javier Mascherano
59.4%
Nation Player % Correct
Spain 2002-14Iker Casillas
59%
Cameroon 1998-14Samuel Eto'o
57.1%
Italy 1990-02Paolo Maldini
57.1%
Brazil 1994-06Cafu
47.8%
Italy 1998-10Fabio Cannavaro
43.7%
Germany 1982-98Lothar Matthaus
36.9%
Cameroon 1994-10Rigobert Song
27%
Switzerland 2006-18Valon Behrami
24%
Mexico 2006-18Andres Guardado
13.9%
USA 2002-14DaMarcus Beasley
6.1%
Mexico 1950-66Antonio Carbajal
4.8%

You're not logged in!

Compare scores with friends on all Sporcle quizzes.
OR
Log In

Show Comments

Extras

Top Quizzes Today


Score Distribution

Your Account Isn't Verified!

In order to create a playlist on Sporcle, you need to verify the email address you used during registration. Go to your Sporcle Settings to finish the process.

Report this User

Report this user for behavior that violates our Community Guidelines.

Details: